000 00388pab a2200169 454500
008 180718b2011 xxu||||| |||| 00| 0 eng d
100 _aAggarwal, Shobha
245 _aAbout time Parliament censures the executive
260 _c2011
300 _ap.3-4.
362 _a10 Dec
650 _aExecutive
650 _aParliament
773 _aMainstream
908 _aN
909 _a94608
999 _c94608
_d94608